Statistics for North American Football (Soccer) Cities Map

Click here to take the quiz!

General Stats

  • This quiz has been taken 26 times
    (3 since last reset)
  • The average score is 13 of 20

Answer Stats

Answer % Correct
Whitecaps
100%
Revolution
100%
Sounders
100%
Robin Hood
100%
Red Bulls
100%
Inter
100%
Impact
100%
Fire
100%
Rapids
100%
Timbers
100%
Dynamo
50%
Galaxy
50%
Chivas
50%
Club América
50%
Alianza
50%
Deportivo Saprissa
50%
Racing
0%
Alante
0%
Comunicaciones
0%
Olimpia
0%

Score Distribution

Percentile by Number Answered

Percent of People with Each Score

Your Score History

You have not taken this quiz since the last reset